Diccionario latino-español, español-latino (Registro nro. 7253)

Detalles MARC
000 -LEADER
campo de control de longitud fija 01083nam a2200253 i 4500
001 - NÚMERO DE CONTROL
campo de control 7253
003 - IDENTIFICADOR DE NÚMERO DE CONTROL
campo de control ES-MaACL
005 - FECHA Y HORA DE LA ÚLTIMA TRANSACCIÓN
campo de control 20250920063026.0
008 - DATOS DE LONGITUD FIJA--INFORMACIÓN GENERAL
campo de control de longitud fija 901114s1988 sp d ||||1| spa d
020 ## - NÚMERO INTERNACIONAL ESTÁNDAR DEL LIBRO
Número Internacional Estándar del Libro 84-303-1029-0
080 ## - NÚMERO DE LA CLASIFICACIÓN DECIMAL UNIVERSAL
Número de la Clasificación Decimal Universal 46.3=7
080 ## - NÚMERO DE LA CLASIFICACIÓN DECIMAL UNIVERSAL
Número de la Clasificación Decimal Universal 47.3=6
100 1# - ENTRADA PRINCIPAL--NOMBRE DE PERSONA
Nombre de persona Blánquez Fraile, Agustín,
Fechas asociadas al nombre 1883-1965
9 (RLIN) 29329
245 10 - MENCIÓN DEL TÍTULO
Título Diccionario latino-español, español-latino
Resto del título : 160.000 voces de entrada, con numerosas acepciones, ejemplos de frases y modismos de los autores clásicos y una extensa gramática latina... /
Mención de responsabilidad, etc. Agustín Blánquez Fraile.
260 ## - PUBLICACIÓN, DISTRIBUCIÓN, ETC.
Lugar de publicación, distribución, etc. Barcelona :
Nombre del editor, distribuidor, etc. Sopena,
Fecha de publicación, distribución, etc. [1988]
300 ## - DESCRIPCIÓN FÍSICA
Extensión 3 v. ;
Dimensiones 26 cm.
505 8# - NOTA DE CONTENIDO CON FORMATO
Nota de contenido con formato Contiene: I. Latino-español: A-J - II. Latino-español: K-Z - III. Español-latino: A-Z
650 #4 - PUNTO DE ACCESO ADICIONAL DE MATERIA--TÉRMINO DE MATERIA
Término de materia o nombre geográfico como elemento de entrada Lengua española-
Subdivisión de forma Diccionarios-
Subdivisión general Latín.
9 (RLIN) 14144
650 #4 - PUNTO DE ACCESO ADICIONAL DE MATERIA--TÉRMINO DE MATERIA
Término de materia o nombre geográfico como elemento de entrada Lengua latina-
Subdivisión de forma Diccionarios-
Subdivisión general Español.
9 (RLIN) 14295
852 ## - LOCALIZACIÓN
Ubicación ES-MaACL
Número de control de estantería L-14479
Nota libre - Enc. cart.
852 ## - LOCALIZACIÓN
Ubicación ES-MaACL
Número de control de estantería L-14481
Nota libre - Enc. cart.
852 ## - LOCALIZACIÓN
Ubicación ES-MaACL
Número de control de estantería L-14480
Nota libre - Enc. cart.
Existencias
Estatus retirado Estado de pérdida Estado de daño No para préstamo Colección Biblioteca de origen Biblioteca actual Ubicación en estantería Fecha de adquisición Total de préstamos Signatura topográfica completa Código de barras Visto por última vez Precio de reemplazo Tipo de ítem Koha Fuente de adquisición
        Colección de referencia Biblioteca del Ateneo de Madrid Biblioteca del Ateneo de Madrid Depósito 2 26/08/2022   L-14481 1203207 23/02/2023 23/02/2023 Libro impreso  
        Colección de referencia Biblioteca del Ateneo de Madrid Biblioteca del Ateneo de Madrid Depósito 2 17/01/2008   L-14479 1007398 23/02/2023 23/02/2023 Libro impreso  
        Colección de referencia Biblioteca del Ateneo de Madrid Biblioteca del Ateneo de Madrid Depósito 2 26/08/2022   L-14480 1203206 23/02/2023 23/02/2023 Libro impreso